| 000 | 00911nam a2200241 i 4500 | ||
|---|---|---|---|
| 003 | DO-SdBNP | ||
| 005 | 20240910111849.0 | ||
| 007 | ta | ||
| 008 | 240910s1950 dr 000 0 spa d | ||
| 040 |
_aDO-SdBNP _bspa _cBNPHU _erda |
||
| 082 |
_bM538c _222 |
||
| 100 | 1 |
_aMéndez, Luis A. _920516 _eautor |
|
| 245 | 1 | 0 |
_aConcepción de la dominicanización fronteriza del generalísimo Trujillo / _cLuis A. Méndez |
| 264 | 1 |
_aCiudad Trujillo, República Dominicana : _bPublicaciones del Partido Dominicano, _bImpresora Dominicana, _c1950. |
|
| 300 |
_a21 páginas, _c23 cm. |
||
| 336 |
_2rdacontent _atexto _btxt |
||
| 337 |
_2rdamedia _asin mediación _bn |
||
| 338 |
_2rdacarrier _avolumen _bnc |
||
| 500 | _aConferencia dictada por el Dr. Luis A. Méndez, en el Club Militar de Ciudad Trujillo, el día 6 de octubre de 1950. | ||
| 590 | _aInventariado, 2024/ YL | ||
| 910 | _aYLockward | ||
| 942 |
_2ddc _cLF2 |
||
| 999 |
_c57662 _d57662 |
||